<?xml version="1.0" encoding="UTF-8"?>
<marc:record xmlns:marc="http://www.loc.gov/MARC21/slim">
   <marc:leader>00000nam a2200000 a 4500</marc:leader>
   <marc:datafield ind1="1" ind2=" " tag="100">
      <marc:subfield code="a">Fausch, Sandra</marc:subfield>
      <marc:subfield code="4">aut</marc:subfield>
      <marc:subfield code="e">Verfasser/-in</marc:subfield>
   </marc:datafield>
   <marc:datafield ind1="1" ind2=" " tag="100">
      <marc:subfield code="a">Mebes, Marion</marc:subfield>
      <marc:subfield code="4">aut</marc:subfield>
      <marc:subfield code="e">Verfasser/-in</marc:subfield>
   </marc:datafield>
   <marc:datafield ind1="1" ind2=" " tag="100">
      <marc:subfield code="a">Wechlin, Andrea</marc:subfield>
      <marc:subfield code="4">aut</marc:subfield>
      <marc:subfield code="e">Verfasser/-in</marc:subfield>
   </marc:datafield>
   <marc:datafield ind1="1" ind2=" " tag="100">
      <marc:subfield code="a">Rothenfluh, Claudia</marc:subfield>
   </marc:datafield>
   <marc:datafield ind1=" " ind2=" " tag="653">
      <marc:subfield code="a">001 $x Psychologie : Kind</marc:subfield>
   </marc:datafield>
   <marc:datafield ind1=" " ind2=" " tag="653">
      <marc:subfield code="a">Bewältigung, n.n.b.#</marc:subfield>
   </marc:datafield>
   <marc:datafield ind1=" " ind2=" " tag="653">
      <marc:subfield code="a">Gewalt, häusliche #</marc:subfield>
   </marc:datafield>
   <marc:datafield ind1=" " ind2=" " tag="653">
      <marc:subfield code="a">Ratgeber, psychologischer</marc:subfield>
   </marc:datafield>
   <marc:datafield ind1="0" ind2="0" tag="245">
      <marc:subfield code="a">Vom Glücksballon in meinem Bauch</marc:subfield>
   </marc:datafield>
   <marc:datafield ind1="0" ind2="0" tag="245">
      <marc:subfield code="b">Kinder erleben häusliche Gewalt - Bilderbuch mit Ratgeber</marc:subfield>
   </marc:datafield>
   <marc:datafield ind1="0" ind2="0" tag="245">
      <marc:subfield code="c">Sandra Fausch ; Marion Mebes ; Andrea Wechlin. Bildungsstelle Häusliche Gewalt. Claudia Rothenfluh</marc:subfield>
   </marc:datafield>
   <marc:datafield ind1=" " ind2="1" tag="264">
      <marc:subfield code="a">Köln</marc:subfield>
      <marc:subfield code="b">Mebes &amp; Noack</marc:subfield>
      <marc:subfield code="c">2011</marc:subfield>
   </marc:datafield>
   <marc:datafield ind1=" " ind2=" " tag="250">
      <marc:subfield code="a">[1. Auflage]</marc:subfield>
   </marc:datafield>
   <marc:datafield ind1="1" ind2=" " tag="520">
      <marc:subfield code="a">Was tun, wenn zu Hause etwas nicht in Ordnung ist? Wenn im Bauch ein großer Sorgenballon wächst und drückt und immer schwerer wird? Kinder entwickeln sehr ambivalente Gefühle, wenn sie in ihrer Umgebung Gewalt erleben - vor allem, wenn es um die Eltern geht. Sie hoffen, dass zu Hause alles wieder gut wird, müssen aber allzu oft mit wachsender Verzweiflung feststellen, dass ihre Hoffnung enttäuscht wird. Kinder, die im Kontext häuslicher Gewalt aufwachsen, aber auch Kinder in anderen Konfliktsituationen werden an das Bild vom "Glücksballon" und vom "Sorgenballon" anknüpfen können. Es ermöglicht über traurige, drückende Gefühle in Ihrem Bauch zu sprechen. Das befreit und schafft Raum für Neues. Kinder und Erwachsene merken oft, dass "etwas nicht stimmt", wissen aber nicht, wir sie reagieren können. Hilfe finden sie in diesem Buch und im Begleitmaterial. &lt;br/&gt;Der beiliegende Ratgeber informiert über die Situation gewaltbetroffener Mädchen und Jungen und darüber, wie Sie diese besser unterstützen können. &lt;br/&gt;</marc:subfield>
   </marc:datafield>
   <marc:datafield ind1=" " ind2=" " tag="020">
      <marc:subfield code="a">9783927796959</marc:subfield>
      <marc:subfield code="9">9783927796959</marc:subfield>
   </marc:datafield>
   <marc:datafield ind1=" " ind2=" " tag="041">
      <marc:subfield code="a">ger</marc:subfield>
   </marc:datafield>
   <marc:datafield ind1=" " ind2=" " tag="300">
      <marc:subfield code="e">Pädagogisches Begleitbuch Exemplar Nr. 7157</marc:subfield>
   </marc:datafield>
   <marc:datafield ind1=" " ind2=" " tag="300">
      <marc:subfield code="b">Illustrationen</marc:subfield>
   </marc:datafield>
   <marc:datafield ind1=" " ind2=" " tag="542">
      <marc:subfield code="d">Bildungsstelle Häusliche Gewalt</marc:subfield>
   </marc:datafield>
   <marc:datafield ind1="1" ind2=" " tag="521">
      <marc:subfield code="a">0</marc:subfield>
   </marc:datafield>
   <marc:datafield ind1=" " ind2=" " tag="300">
      <marc:subfield code="a">37 S.</marc:subfield>
   </marc:datafield>
</marc:record>
